000 00725nam a2200169 i 4500
001 190171
003 ES-MaACL
005 20230906223646.0
008 200904s1891 sp |||| | spa d
100 1 _aIglesias de Lis y Florez, Federico.
_9170260
245 1 0 _aReseña de los acontecimientos que a consecuencia de la peregrinación a Pastoriza y entierro civil de Don Federico Tapia y Segade tuvieron lugar en La Coruña desde Agosto hasta Diciembre de 1891 /
_c[Federico Iglesias de Lis y Flórez].
260 _aCoruña :
_b[s.n.],
_c1891 (
_fImp. de La Marina)
300 _a94 p. ;
_c21 cm.
600 1 4 _aTapia y Segade, Federico.
_9170261
651 4 _aLa Coruña-
_xHistoria.
_9157714
852 _aES-MaACL
_jT-578-F-4
999 _c190171
_d190171